[Event "81st Tata Steel Challengers 2019"]
[Site "Wijk aan Zee"]
[Date "2019.01.13"]
[Round "2"]
[White "Maghsoodloo, Parham"]
[Black "Paehtz, Elisabeth"]
[Result "1-0"]
[WhiteElo "2679"]
[BlackElo "2477"]
[Annotator "TA"]
[PlyCount "111"]
[EventDate "2019.01.12"]
[EventType "tourn"]
[EventCountry "NED"]
[SourceTitle "playchess.com"]
[Source "ChessBase"]
[SourceQuality "1"]

{[%evp 21,111,38,37,33,36,29,36,29,43,34,53,39,66,55,46,37,54,39,35,44,77,54,98,102,88,-11,-8,-4,0,0,18,0,18,-8,-11,-22,29,29,38,37,50,31,42,35,35,35,35,30,58,29,43,43,52,41,79,43,73,80,68,8,164,157,159,164,153,166,166,166,151,157,271,270,275,266,306,271,339,317,360,308,314,311,349,341,334,334,333,322,443,424,493,493]} 1. Nf3 Nf6 2. g3 d5 3. Bg2 c6 4. O-O Bg4 5. h3 Bh5 6. d3 Nbd7 7. Qe1 {A07: Réti Opening: New York and Capablanca Systems} e5 8. e4 dxe4 (8... Bd6 9. Nh4 O-O 10. Nf5 Bc7 11. Nc3 Nb6 12. a4 a5 13. f4 dxe4 14. dxe4 exf4 15. gxf4 {½-½ (23) Nakamura,H (2780)-Jakovenko,D (2721) Palma de Mallorca 2017}) 9. dxe4 Bc5 10. a4 a5 11. Nbd2 O-O {LiveBook: 23 Games} 12. Nc4 Qc7 13. Bd2 {[%cal Rd2a5]} b6 14. Nh4 Rfe8 {[#]} 15. Kh2 $146 Qa7 16. f3 Bf8 17. Bc3 Qc7 18. b3 Rac8 19. Rf2 Nd5 20. Bb2 Nb4 21. Bf1 Nc5 22. Rd1 f6 23. Bc1 (23. g4 $1 $16 {[%cal Rg4h5]} Bf7 24. g5) 23... Rcd8 {Hoping for ...Rxd1.} 24. Rxd8 Rxd8 25. Be3 Bf7 26. Rd2 g6 27. Qd1 (27. Ng2 {is more complex.} Rb8 28. Qa1 Be6 29. h4 h5 30. Na3) 27... Rxd2+ 28. Qxd2 Be7 (28... Qd7 $142 29. Qe2 Qd8) 29. Ng2 $11 Be6 30. Ne1 Nba6 31. Nb2 Nb8 32. Bc4 Bxc4 33. Nxc4 Nbd7 34. Kg2 Kg7 35. h4 Ne6 36. Nd3 {[%cal Be1d3,Bd3f2,Bf2g4][%mdl 32]} Kf7 37. h5 Bd8 38. Nf2 Be7 39. Ng4 Bb4 40. Qd3 ({White should play} 40. c3 $14 Be7 41. hxg6+ hxg6 42. Qd1) 40... Bf8 $2 {[#]} (40... b5 $1 $11 {and Black is okay.} 41. axb5 cxb5 42. hxg6+ hxg6 43. Nh6+ Ke7) 41. Nxb6 $1 $18 {[%mdl 512]} Ndc5 ({Don't go for} 41... Nxb6 $2 42. Bxb6 Qd6 43. Qxd6) 42. Bxc5 $1 Nxc5 43. Qc4+ Ne6 {[#]} 44. hxg6+ $1 hxg6 {[#]} 45. Qa6 $1 f5 (45... Bb4 $16) 46. Nf2 Bb4 47. Nc4 Kf6 48. Qa8 Nd8 49. g4 Bc3 50. exf5 gxf5 51. Ne3 Bd4 52. Nxf5 Bxf2 53. Kxf2 e4 54. Nd4 Qb6 55. c3 c5 {[#]} 56. g5+ $1 {Precision: White = 57%, Black = 28%.} 1-0

[Event "81st Tata Steel Challengers 2019"]
[Site "Wijk aan Zee"]
[Date "2019.01.13"]
[Round "2"]
[White "Bareev, Evgeny"]
[Black "Chigaev, Maksim"]
[Result "1/2-1/2"]
[WhiteElo "2650"]
[BlackElo "2604"]
[Annotator "TA"]
[PlyCount "96"]
[EventDate "2019.01.12"]
[EventType "tourn"]
[EventCountry "NED"]
[SourceTitle "playchess.com"]
[Source "ChessBase"]
[SourceQuality "1"]

{[%evp 12,96,0,0,33,14,24,6,9,1,16,0,8,0,10,0,0,0,8,0,7,16,7,0,29,7,18,25,104,7,5,12,11,7,41,5,8,4,4,-33,4,-33,-34,-34,-35,-32,0,-6,38,41,42,42,42,40,41,43,53,53,53,53,53,53,53,56,111,59,59,59,66,51,58,47,49,44,50,36,43,41,58,41,41,42,41,41,41,33,35]} 1. d4 Nf6 2. Bg5 g6 3. Bxf6 exf6 4. e3 d5 5. c4 dxc4 6. Bxc4 Bd6 {D00: 1 d4 d5: Unusual lines} 7. Nf3 {LiveBook: 12 Games} Qe7 $146 ({Predecessor:} 7... c6 8. Nc3 Nd7 9. O-O O-O 10. e4 Nb6 11. Bb3 Bg4 12. h3 Bxf3 13. Qxf3 Kg7 14. Rad1 {½-½ (52) Sarana,A (2641)-Demchenko,A (2679) Sochi 2018}) 8. O-O O-O {The position is equal.} 9. Nbd2 Nd7 10. Re1 c6 11. Rc1 Rd8 12. h3 Nb6 13. Bb3 Kg7 14. e4 Bf4 15. Rc3 Bd7 16. a3 Rac8 17. Qc2 Qf8 18. Ba2 f5 19. Ne5 c5 (19... Re8 $11) 20. Ndf3 (20. Nxf7 $16 cxd4 21. Rxc8 Rxc8 22. Qd3) 20... cxd4 $11 21. Rxc8 Rxc8 22. Qd3 Qc5 (22... Bxe5 $5 23. Nxe5 fxe4 24. Qxe4 Re8 25. Qxd4 f6 $11) 23. Nxd7 Nxd7 24. exf5 Ne5 $132 {[%mdl 2048] Black is not keeping still} 25. f6+ Kh6 26. Qe4 Nxf3+ 27. Qxf3 Qe5 $1 {[%cal Re5e1] [#]} 28. Rd1 {Hoping for Qg4.} Qxf6 (28... Rc7 {feels hotter.} 29. Bd5 b6 30. h4 Qxf6 31. g3 Be5) 29. Qxb7 Rb8 30. Qxa7 Rxb2 31. Qxf7 Qxf7 32. Bxf7 $14 {[%mdl 4096] Endgame KRB-KRB} Bd6 33. a4 d3 34. Bc4 Bc5 35. Rxd3 Rxf2 {[#] Threatens to win with ...Rf4+.} 36. Kh2 Rf4 37. Bb5 Rd4 (37... Bd4 $14) 38. Rc3 (38. Rxd4 $16 Bxd4 39. a5) 38... Bd6+ {White is slightly better.} 39. Kg1 Rd2 40. Kf1 Ra2 41. Bc6 Kg5 42. Rd3 Be5 43. Ke1 Kf6 44. Kd1 h5 45. Kc1 g5 46. Rb3 Ke7 47. Kb1 Ra1+ 48. Kc2 Kd6 {Accuracy: White = 47%, Black = 57%.} 1/2-1/2

[Event "81st Tata Steel Challengers 2019"]
[Site "Wijk aan Zee"]
[Date "2019.01.13"]
[Round "2"]
[White "L'Ami, Erwin"]
[Black "Esipenko, Andrey"]
[Result "1/2-1/2"]
[WhiteElo "2643"]
[BlackElo "2584"]
[Annotator "TA"]
[PlyCount "103"]
[EventDate "2019.01.12"]
[EventType "tourn"]
[EventCountry "NED"]
[SourceTitle "playchess.com"]
[Source "ChessBase"]
[SourceQuality "1"]

{[%evp 17,103,4,33,13,11,-8,-8,-9,-9,-9,-9,-4,-4,-10,-7,-11,-18,-7,0,0,0,-39,-39,-39,-43,-43,-39,-39,-41,-45,-31,-30,-34,-35,-29,-39,-43,-44,-35,-42,-45,-60,-57,-63,-18,-67,-27,-35,0,-71,-65,-70,-85,-73,-40,-49,-38,-52,-49,-50,-50,-50,-50,-53,0,-10,-10,-10,-10,-10,0,0,0,0,0,-3,0,0,0,0,0,0,0,0,0,0,0,0]} 1. e4 e5 2. Nf3 Nc6 3. Bb5 {[%cal Bf1b5,Bb5a4,Ba4b3][%mdl 32]} a6 4. Ba4 Nf6 5. O-O Be7 6. Re1 b5 7. Bb3 O-O 8. d3 d6 9. a3 Bg4 {LiveBook: 17 Games. C88: Closed Ruy Lopez: Anti-Marshall Systems} (9... Nb8 10. Nbd2 Nbd7 11. Ba2 c5 12. Nf1 Nb6 13. Ng3 Qc7 14. Nh4 g6 15. Bh6 Re8 16. Qd2 Ng4 17. Bg5 Bxg5 18. Qxg5 {½-½ (33) Van Foreest,J (2609)-Anand,V (2783) Germany 2018}) 10. Be3 d5 11. h3 (11. Nbd2 {looks sharper.} Na5 12. Ba2 dxe4 13. dxe4 c5 14. h3) 11... Bxf3 12. Qxf3 {[%cal Rb3d5]} dxe4 13. dxe4 Nd4 14. Bxd4 $1 Qxd4 15. Nc3 c6 16. Red1 $146 ({Predecessor:} 16. Rad1 Qa7 17. Na2 {½-½ (31) Biedermann,K (2052)-Halvax,G (2020) ICCF email 2012}) 16... Qb6 17. a4 Rad8 18. axb5 axb5 19. Qf5 Qc7 20. Ne2 g6 21. Qf3 Rxd1+ 22. Rxd1 Kg7 23. Ng3 Bc5 24. c3 Qe7 25. Qe2 Bb6 26. Rd2 Ra8 27. Nf1 Ra1 28. g3 h5 {[%cal Bh7h5,Bh5h4][%mdl 32]} 29. Kg2 {[#]} h4 $1 {[%mdl 512]} 30. Rd3 (30. gxh4 Nh5) 30... Ra7 31. Rf3 Qd8 32. Rd3 Qe7 33. Rf3 Rd7 34. Rd3 Rxd3 35. Qxd3 Nd7 (35... hxg3 {is more complex.} 36. Nxg3 Nd7 37. Qd2 Nc5 38. Ba2 Qd8) 36. Qf3 Nc5 37. Bc2 hxg3 38. fxg3 Qe6 {Hoping for ...Qa2.} 39. Ne3 Qa2 40. Nd1 $1 b4 (40... Nd7 $15) 41. cxb4 {The position is equal.} Qc4 {[%mdl 64] Double Attack} 42. Ne3 Qxb4 {And now ...Ne6 would win.} 43. Ng4 $1 Qd2+ 44. Qf2 Qd6 45. Qe3 Nd7 46. Qh6+ Kg8 47. Bb3 Nc5 {[%mdl 64] Double Attack} 48. Bc4 Nxe4 {[#]} 49. Nxe5 $1 {[%mdl 512]} Qxe5 {[%mdl 64] Double Attack} 50. Qxg6+ $1 {[%mdl 64] Double Attack} Kh8 51. Qh6+ Kg8 52. Qg6+ $1 {[%mdl 64] Double Attack. Accuracy: White = 75%, Black = 58%.} 1/2-1/2

[Event "81st Tata Steel Challengers 2019"]
[Site "Wijk aan Zee"]
[Date "2019.01.13"]
[Round "2"]
[White "Keymer, Vincent"]
[Black "Kuipers, Stefan"]
[Result "1-0"]
[WhiteElo "2500"]
[BlackElo "2470"]
[Annotator "TA"]
[PlyCount "67"]
[EventDate "2019.01.12"]
[EventType "tourn"]
[EventCountry "NED"]
[SourceTitle "playchess.com"]
[Source "ChessBase"]
[SourceQuality "1"]

{[%evp 25,67,0,11,6,34,34,34,29,41,27,40,33,41,35,36,37,64,66,65,59,59,49,65,58,57,21,67,70,77,7,123,135,103,152,166,146,151,127,199,243,358,320,665,637]} 1. d4 d5 2. c4 c6 3. Nf3 Nf6 4. e3 Bf5 5. Nc3 e6 6. Nh4 Be4 7. f3 Bg6 8. Qb3 Qc7 9. Bd2 {D12: Slav Defence: 3 Nf3 Nf6 4 e3 Bf5} Be7 10. cxd5 (10. O-O-O dxc4 11. Bxc4 a6 12. Be2 Nbd7 13. Nxg6 hxg6 14. Kb1 c5 15. d5 exd5 16. Nxd5 Nxd5 17. Qxd5 {0-1 (31) Karjakin,S (2773)-Caruana,F (2822) Saint Louis 2018}) 10... cxd5 11. O-O-O Nc6 12. Nxg6 hxg6 13. Kb1 a6 {LiveBook: 35 Games} 14. Rc1 Kf8 15. Na4 Nd7 16. Ba5 Qb8 {[#]} 17. Be1 $146 Bd6 18. Bf2 Na5 19. Qc3 Qd8 20. e4 dxe4 21. fxe4 b5 22. e5 Be7 23. Nc5 Nxc5 24. dxc5 Nc6 25. Bd3 Qc7 26. Be4 Rd8 27. Rhf1 (27. Bg3 $16) 27... Kg8 {[#]} ({Avoid the trap} 27... Rxh2 $2 28. Bg3 $18) (27... Bh4 $1 $11) 28. Rfd1 $1 $16 Rxd1 29. Rxd1 b4 30. Qc4 Nxe5 31. Qxb4 {Black must now prevent Qb6.} Kh7 (31... f5 $16) 32. Qb7 $18 Rc8 (32... Bd8 {was worth a try.} 33. Qxa6 Ng4) 33. c6 {Threatens to win with Bb6.} ({Not} 33. Qxa6 Ng4 $16) 33... f5 $2 {[#]} (33... Bd8 34. Bg3 f5) 34. Bb6 $1 {Precision: White = 81%, Black = 31%.} 1-0

[Event "81st Tata Steel Challengers 2019"]
[Site "Wijk aan Zee"]
[Date "2019.01.13"]
[Round "2"]
[White "Saduakassova, Dinara"]
[Black "Van Foreest, Lucas"]
[Result "1/2-1/2"]
[WhiteElo "2472"]
[BlackElo "2502"]
[Annotator "TA"]
[PlyCount "106"]
[EventDate "2019.01.12"]
[EventType "tourn"]
[EventCountry "NED"]
[SourceTitle "playchess.com"]
[Source "ChessBase"]
[SourceQuality "1"]

{[%evp 21,106,11,12,12,31,28,104,93,97,84,86,75,75,78,175,166,183,153,166,110,235,174,228,216,292,287,305,295,310,117,112,123,335,335,335,316,364,364,351,247,230,247,210,44,39,20,37,45,40,8,48,18,19,17,18,0,6,0,12,-60,-10,-10,-7,-14,-15,-19,-11,-11,-11,-57,-36,-77,-40,-61,-18,-39,0,0,0,0,0,0,0,0,0,0,0]} 1. d4 Nf6 2. c4 e6 3. Nc3 Bb4 4. Qc2 O-O 5. Nf3 d5 6. cxd5 exd5 7. Bg5 {[%cal Bc1g5,Bg5h4,Bh4g3,Bg3d6][%mdl 32] E32: Nimzo-Indian: Classical (4 Qc2): 4...0-0} h6 8. Bh4 c5 9. dxc5 (9. e3 cxd4 10. Nxd4 Nc6 11. Nxc6 bxc6 12. a3 Bxc3+ 13. Qxc3 d4 14. Qxd4 Qxd4 15. exd4 {½-½ (28) Laznicka,V (2662)-Gelfand,B (2703) Novy Bor 2018}) 9... g5 10. Bg3 Ne4 11. e3 Nd7 {LiveBook: 4 Games} 12. Bd6 Qa5 {[%cal Re4c3]} 13. Bd3 $146 ({Predecessor:} 13. Bxf8 Nxc3 14. bxc3 Bxc3+ {0-1 (22) Karavade,E (2374)-Prithu,G (2458) Douglas 2018}) 13... Nxc3 (13... Re8 $11 {keeps the balance.}) 14. O-O $1 $16 Re8 (14... Nxa2 $2 15. b3 $18) 15. bxc3 Bxc5 16. Bg3 Nf6 17. Rab1 $36 {[%mdl 2048] Keeping Black busy.} b6 (17... Ne4 $16 {is a better defense.}) 18. Be5 $18 Ng4 19. Bd4 Bxd4 20. exd4 (20. Nxd4 $6 Qc5 $14) (20. cxd4 $18 Be6 21. Rb3) 20... Be6 (20... Qa3 $16) 21. Qd2 Rac8 (21... Qa3 {might work better.} 22. h3 Nf6) 22. Rbc1 Kf8 {[#]} 23. h4 $1 f6 24. Bg6 ({Weaker is} 24. hxg5 fxg5 25. Nxg5 hxg5 $18) 24... Re7 25. Rfe1 $2 (25. hxg5 $18 {and the rest is easy.} hxg5 {[#]} 26. Nxg5 $1 {[%mdl 512]}) 25... Qa3 $16 26. Qc2 Kg7 $2 (26... Qd6 $16) 27. Bh5 $18 ({Not} 27. hxg5 hxg5 28. Bh5 Rf8 $18) 27... Qd6 28. Qg6+ Kf8 29. Bxg4 ({Less strong is} 29. hxg5 Rg7 $16) 29... Bxg4 30. Qxh6+ Kg8 31. Rxe7 Qxe7 32. Re1 $2 (32. Nh2 $18 Bd7 33. hxg5) 32... Qg7 $14 33. Qxg7+ Kxg7 {[%mdl 4096] Endgame KRB-KRN} 34. Nh2 Bf5 35. hxg5 {Hoping for Re7+.} fxg5 36. Re5 Kf6 37. Re3 Rc4 38. Nf1 Ra4 39. Re2 Bd3 40. Rb2 ({White should play} 40. Re5 $11) 40... Bc4 41. Ne3 Bxa2 42. Kf1 Bc4+ 43. Ke1 Ke6 44. Kd2 Ra5 45. Nc2 Kf5 46. Ke3 Kg4 47. Nb4 Ra1 {Strongly threatening ...Rd1.} 48. Nc6 Kh4 49. Ne5 {The position is equal.} Re1+ 50. Kd2 Re2+ 51. Kc1 Re1+ 52. Kd2 Re2+ 53. Kc1 Re1+ {Accuracy: White = 56%, Black = 43%.} 1/2-1/2

[Event "81st Tata Steel Challengers 2019"]
[Site "Wijk aan Zee"]
[Date "2019.01.14"]
[Round "3"]
[White "Gledura, Benjamin"]
[Black "Saduakassova, Dinara"]
[Result "1/2-1/2"]
[WhiteElo "2615"]
[BlackElo "2472"]
[Annotator "TA"]
[PlyCount "82"]
[EventDate "2019.01.12"]
[EventType "tourn"]
[EventCountry "NED"]
[SourceTitle "playchess.com"]
[Source "ChessBase"]
[SourceQuality "1"]

{[%evp 19,82,54,29,45,50,43,47,0,0,0,0,0,0,-7,-10,-18,10,3,7,-15,-6,-9,0,0,0,-3,39,31,37,39,36,31,37,37,39,26,43,3,48,6,6,0,0,0,0,0,0,0,0,-58,0,-28,-19,-22,-20,-41,-33,-91,-95,-79,0,-23,0,-95,-76]} 1. e4 e5 2. Nf3 Nf6 3. Nxe5 d6 4. Nf3 Nxe4 5. Bd3 d5 6. O-O {C42: Petroff Defence: 3 Nxe5 and unusual White 3rd moves} Be7 7. Re1 Nd6 8. Nc3 c6 9. Qe2 (9. b3 O-O 10. Ba3 Bg4 11. h3 Bh5 12. Qe2 Bf6 13. Qe3 Re8 {1-0 (36) Grischuk,A (2766)-Caruana,F (2816) Leuven 2018}) 9... Nd7 10. b4 Nf8 {[%cal Bd7f8,Bf8e6,Be6c5,Bc5e4][%mdl 32] LiveBook: 6 Games} 11. b5 Bg4 $146 ({Predecessor:} 11... Ne6 12. bxc6 bxc6 13. Ne5 Qc7 {0-1 (28) Czarnota,P (2549)-Caspi,I (2484) Suwalki 2018}) 12. bxc6 bxc6 13. Qe3 Bxf3 $1 14. Qxf3 Ne6 15. Qh5 g6 16. Qg4 O-O 17. Ba3 Nc8 18. Bxe7 Nxe7 19. h4 Nc5 20. Re5 Qd6 21. Rae1 Ne4 22. Qf4 {aiming for R5xe4.} Nxc3 23. dxc3 {Strongly threatening Qh6.} f6 24. R5e4 $1 Qxf4 25. Rxf4 Kf7 26. c4 Rfe8 27. h5 Rad8 28. c5 Rb8 29. g4 gxh5 30. gxh5 Rg8+ 31. Kh2 Rg5 32. Rh4 Nf5 33. Rh3 {And now f4 would win.} Rb4 $36 {[%mdl 2048] [#] White is under pressure.} 34. Rg1 (34. c4 $1 $11 {[%mdl 512]}) 34... Ke6 ({Black should play} 34... Rf4 $15 35. Rxg5 fxg5) 35. Rxg5 fxg5 $11 {[%mdl 4096] Endgame KRB-KRN} 36. Rf3 Rh4+ 37. Kg2 Ng7 38. Re3+ (38. Bxh7 $15 Nxh5 39. Bf5+ Ke5 40. Bd7) 38... Kf6 $1 $17 39. Rf3+ {[#]} Ke6 (39... Ke5 $1 $17 40. Rf7 Nxh5 41. Rf5+ Kd4 42. Rxg5 Kxc5) 40. Re3+ $11 Kf6 (40... Kf7 $11) 41. Rf3+ $17 {[#]} Ke5 $1 {Accuracy: White = 61%, Black = 48%.} 1/2-1/2

[Event "81st Tata Steel Challengers 2019"]
[Site "Wijk aan Zee"]
[Date "2019.01.14"]
[Round "3"]
[White "Chigaev, Maksim"]
[Black "Kovalev, Vladislav"]
[Result "1/2-1/2"]
[WhiteElo "2604"]
[BlackElo "2687"]
[Annotator "TA"]
[PlyCount "40"]
[EventDate "2019.01.12"]
[EventType "tourn"]
[EventCountry "NED"]
[SourceTitle "playchess.com"]
[Source "ChessBase"]
[SourceQuality "1"]

{[%evp 20,40,0,0,8,-6,14,12,14,14,14,9,12,8,17,0,12,0,15,0,12,0,21]} 1. e4 e5 2. Nf3 Nc6 3. Bc4 Bc5 4. c3 Nf6 5. d3 a6 6. Bb3 Ba7 7. h3 {C54: Giuoco Piano: 4 c3 Nf6, main lines with 5 d4 and 5 d3} (7. Nbd2 O-O 8. h3 Re8 9. O-O d6 10. Re1 Be6 11. Bc2 h6 12. Nf1 d5 13. Ng3 dxe4 14. dxe4 Qxd1 15. Rxd1 Rad8 16. Re1 Nd7 17. Nf5 Bc5 18. Be3 Bxe3 19. Nxe3 Nb6 {½-½ (32) Miton,K (2584)-Ivanchuk,V (2726) Riadh 2017}) 7... h6 8. Nbd2 {[%cal Bb1d2,Bd2f1,Bf1g3,Bg3f5][%mdl 32]} d6 9. Nf1 Be6 10. Ng3 Qd7 11. Qe2 {LiveBook: 12 Games. The position is equal.} Bxb3 12. axb3 Ne7 $146 ({Predecessor:} 12... Qe6 13. b4 Ne7 14. Be3 Bxe3 15. Qxe3 O-O 16. O-O {0-1 (50) Horton,J (2064)-Rindlisbacher,J (2217) Pune 2014}) 13. O-O Ng6 14. Nf5 O-O 15. Nh2 Qe6 16. b4 Ne7 17. Ng3 Ng6 18. Nf5 Ne7 19. Ng3 Ng6 20. Nf5 Ne7 1/2-1/2

[Event "81st Tata Steel Challengers 2019"]
[Site "Wijk aan Zee"]
[Date "2019.01.14"]
[Round "3"]
[White "Esipenko, Andrey"]
[Black "Keymer, Vincent"]
[Result "1-0"]
[WhiteElo "2584"]
[BlackElo "2500"]
[Annotator "TA"]
[PlyCount "75"]
[EventDate "2019.01.12"]
[EventType "tourn"]
[EventCountry "NED"]
[SourceTitle "playchess.com"]
[Source "ChessBase"]
[SourceQuality "1"]

{[%evp 18,75,20,-1,31,-2,10,0,32,23,48,47,67,56,87,98,108,64,68,-25,77,87,91,93,145,137,135,143,242,235,198,149,251,127,139,116,140,120,142,143,166,166,167,141,300,299,345,319,368,335,622,607,29990,29991,29991,29992,29992,29993,29993,29994]} 1. e4 c5 2. Nf3 d6 3. d4 cxd4 4. Nxd4 Nf6 {[%cal Bg8f6,Bf6d7,Bd7b6,Bb6c4][%mdl 32]} 5. Nc3 a6 6. Nb3 e6 {B90: Sicilian Najdorf: Unusual White 6th moves, 6 Be3 Ng4 and 6 Be3 e5} (6... e5 7. Bg5 Be6 8. f4 exf4 9. Qd2 Be7 10. O-O-O Bxb3 11. cxb3 Nc6 12. Bxf4 O-O 13. Bxd6 Bxd6 14. Qxd6 Qa5 15. Be2 {½-½ (76) Kryvoruchko,Y (2695)-Abdusattorov,N (2558) Batumi 2018}) 7. g4 {[%cal Bg2g4,Bg4g5][%mdl 32]} b5 8. Bg2 Bb7 9. g5 Nfd7 10. f4 {LiveBook: 3 Games} Be7 11. h4 Nc6 12. Be3 Nb6 $146 ({Predecessor:} 12... Na5 13. Qe2 Nc4 14. O-O-O Nxe3 15. Qxe3 {1-0 (51) Apryshko,G (2371)-Sarana,A (2541) Moscow 2017}) 13. Qe2 Nc4 14. O-O-O Qc7 15. Kb1 Rc8 16. Bc1 Nb6 17. Qd3 O-O 18. Qh3 (18. h5 $1 $14) 18... Rfe8 (18... b4 $1 $11 {remains equal.} 19. Ne2 a5) 19. h5 $16 Na4 20. a3 Na5 (20... Bf8 $142) 21. Nxa5 $1 Qxa5 22. Nxa4 bxa4 {[#]} (22... Qxa4 $16 23. b3 Qa5) 23. g6 $1 $18 {[%mdl 512]} Qc7 (23... fxg6 24. hxg6) 24. c3 {aiming for h6.} Bf8 (24... Bd8 $16 {was worth a try.} 25. gxf7+ Qxf7) 25. Rhf1 ({White should try} 25. f5 $18) 25... h6 $16 26. f5 exf5 27. exf5 {Black must now prevent f6.} ({Much less strong is} 27. Qxf5 f6 $16) 27... f6 28. Rd4 Bc6 29. Bxc6 Qxc6 30. Qd3 Re5 $2 (30... Qb5 $16) 31. Bf4 $18 {[%cal Bc1f4,Bf4d6,Bd6b4][%mdl 32]} Rb5 32. Bxd6 Qg2 {[%csl Gb5][%cal Rg2b2]} 33. Bb4 Rcb8 $2 (33... Re5) 34. Rd1 a5 35. Qc4+ {White mates.} Kh8 {[#]} 36. Qxb5 $3 {[%mdl 576] Deflection} Rxb5 37. Rd8 {[%cal Rd8f8]} Qe4+ 38. Ka1 {Accuracy: White = 61%, Black = 19%.} 1-0

[Event "81st Tata Steel Challengers 2019"]
[Site "Wijk aan Zee"]
[Date "2019.01.14"]
[Round "3"]
[White "Praggnanandhaa R"]
[Black "L'Ami, Erwin"]
[Result "1/2-1/2"]
[WhiteElo "2539"]
[BlackElo "2643"]
[Annotator "TA"]
[PlyCount "69"]
[EventDate "2019.01.12"]
[EventType "tourn"]
[EventCountry "NED"]
[SourceTitle "playchess.com"]
[Source "ChessBase"]
[SourceQuality "1"]

{[%evp 24,69,0,0,0,0,0,0,0,0,0,-14,-8,-62,-31,-86,-11,-10,-11,-11,-10,-22,0,0,0,-3,0,-3,-10,-11,-8,-20,-10,-12,-8,-10,0,0,0,0,0,-8,-8,-10,0,0,0,-11]} 1. e4 e6 2. d4 d5 3. Nc3 Nf6 4. Bg5 dxe4 5. Nxe4 Be7 6. Bxf6 gxf6 7. Nf3 f5 8. Nc3 a6 {C13: French: Classical System: 4 Bg5 Be7, Alekhine-Chatard Attack} 9. g3 (9. Qd2 b5 10. O-O-O b4 11. Na4 Qd5 12. b3 Bd7 13. Bc4 Qd6 14. d5 e5 15. Rhe1 e4 16. Nd4 {1-0 (40) Carlsen,M (2832)-Grischuk,A (2750) chess.com INT 2017}) 9... b5 {[%cal Bb7b5,Bb5b4][%mdl 32]} 10. Bg2 Bb7 11. O-O c5 12. d5 b4 13. dxe6 {LiveBook: 17 Games} bxc3 14. exf7+ Kf8 {[#] ...Qxd1 is the strong threat.} 15. Qc1 Kg7 16. bxc3 {And now Rd1 would win.} Nd7 $146 17. Qf4 Be4 18. Rfd1 ({White should play} 18. g4 $11) 18... Ra7 ({But not} 18... Bxc2 $2 19. Rd2 $18) 19. h4 (19. Bh3 $15) 19... Bf6 (19... Bxc2 20. Rd2 $18) (19... Qb8 $17 {Hoping for ...Qxf4.} 20. Qe3 Bf6) 20. Ng5 $1 $11 {[%cal Rg5e6] The position is equal.} Bxg5 21. hxg5 Bxg2 22. Kxg2 Qe7 (22... h6 {seems wilder.} 23. gxh6+ Rxh6 24. Rh1 Qf6 25. Rxh6 Qxh6 26. Qxf5 Qc6+) 23. Qxf5 Qxf7 24. Qxf7+ Kxf7 25. Rd6 Re8 26. Rad1 Nf8 27. R1d5 Re2 28. Rxc5 Rxc2 29. Ra5 Rxc3 30. Rdxa6 Rxa6 31. Rxa6 {KRN-KR} Rc2 32. Rf6+ Ke7 33. Ra6 Kf7 34. Rf6+ Ke7 35. Ra6 {Accuracy: White = 51%, Black = 70%.} 1/2-1/2

[Event "81st Tata Steel Challengers 2019"]
[Site "Wijk aan Zee"]
[Date "2019.01.14"]
[Round "3"]
[White "Van Foreest, Lucas"]
[Black "Bareev, Evgeny"]
[Result "1-0"]
[WhiteElo "2502"]
[BlackElo "2650"]
[Annotator "TA"]
[PlyCount "69"]
[EventDate "2019.01.12"]
[EventType "tourn"]
[EventCountry "NED"]
[SourceTitle "playchess.com"]
[Source "ChessBase"]
[SourceQuality "1"]

{[%evp 22,69,29,29,30,30,28,14,50,57,57,33,57,62,59,58,95,50,72,55,152,152,127,127,115,119,119,101,88,95,85,107,83,96,102,93,155,52,56,54,56,47,157,177,177,169,1007,1006,2441,2200]} 1. e4 c6 2. d4 d5 3. exd5 cxd5 4. Bd3 Nc6 5. c3 Nf6 6. Bf4 Bg4 7. Qb3 Qd7 8. Nd2 e6 9. Ngf3 Bd6 10. Bxd6 Qxd6 11. O-O {B13: Caro-Kann: Exchange Variation and Panov-Botvinnik Attack} O-O 12. Rfe1 {[%cal Bf1e1,Be1e3,Be3h3,Bh3h7][%mdl 32] LiveBook: 14 Games} Qc7 (12... Ne7 13. Ne5 Bf5 14. Bf1 Rab8 15. a4 Ne4 16. Nxe4 Bxe4 17. a5 f6 18. Nd3 Bxd3 19. Bxd3 {½-½ (45) Anand,V (2768)-Mamedyarov,S (2801) Saint Louis 2018}) 13. Ne5 {White has an edge.} Bh5 14. f4 $146 ({Predecessor:} 14. Ndf3 Rfe8 15. Re3 Bxf3 16. Nxf3 Rab8 17. Rae1 b5 18. R3e2 b4 19. Rc2 Qb6 20. a3 a5 21. Qa4 Ne7 22. axb4 {½-½ (22) Keller,H (2406)-Fister,B (2204) ICCF email 2007}) 14... Bg6 (14... Bg4 $5) 15. Bxg6 hxg6 16. Re3 Rfc8 17. Qd1 b5 18. Qe1 b4 19. Rh3 {Black must now prevent Nxg6!} bxc3 20. bxc3 (20. Qh4 $5 {[%cal Rh4h8]} Nh5 21. bxc3 $16) 20... Qe7 (20... Nxe5 $14 21. fxe5 Ng4) 21. Nxc6 $1 $16 ({Don't take} 21. Qh4 $6 Nh5 $14) 21... Rxc6 22. Qh4 {[%csl Gh3][%cal Rh4h8]} Kf8 23. Qh8+ Ng8 24. Rh7 f6 25. Nf3 Rxc3 {[#]} 26. Ne5 $1 {[%cal Re5g6][%mdl 512]} fxe5 27. fxe5 {[#] White threatens Rf1+ and mate.} Rf3 $1 {[%mdl 512]} 28. gxf3 {And now Rb1 would win.} Rb8 {[#]} 29. f4 (29. Kh1 $1 $16) 29... Qc7 $1 $14 30. f5 exf5 31. Re1 $36 {[%mdl 2048] Threatens to win with Kh1. White has good play.} Rb7 ({Better is} 31... Rb2 $14) 32. Rh3 $16 Qa5 33. Qh4 Ne7 $2 (33... g5 34. Qf2 g6) 34. e6 $18 {White wants to mate with Qh8+.} Qd2 35. Rb3 {Accuracy: White = 70%, Black = 46%.} 1-0